Differential Equations: a systems approach (Record no. 9016)

MARC details
000 -LEADER
fixed length control field 00601nam a2200217 a 4500
003 - CONTROL NUMBER IDENTIFIER
control field PK-NaQUE
005 - DATE AND TIME OF LATEST TRANSACTION
control field 20250527142102.0
008 - FIXED-LENGTH DATA ELEMENTS--GENERAL INFORMATION
fixed length control field 250527b ||||| |||| 00| 0 eng d
020 ## - INTERNATIONAL STANDARD BOOK NUMBER
International Standard Book Number 01377520808
020 ## - INTERNATIONAL STANDARD BOOK NUMBER
International Standard Book Number 9780137520800
040 ## - CATALOGING SOURCE
Transcribing agency QUEST
082 ## - DEWEY DECIMAL CLASSIFICATION NUMBER
Classification number 515.35GOLD
100 1# - MAIN ENTRY--PERSONAL NAME
Personal name Goldberg, Jack
245 10 - TITLE STATEMENT
Title Differential Equations: a systems approach
260 ## - PUBLICATION, DISTRIBUTION, ETC. (IMPRINT)
Place of publication, distribution, etc New Jersy:
Name of publisher, distributor, etc Prentice Hall
Date of publication, distribution, etc 1998.
300 ## - PHYSICAL DESCRIPTION
Extent XVII,576p.
650 ## - SUBJECT ADDED ENTRY--TOPICAL TERM
Topical term or geographic name as entry element Differential equations
700 1# - ADDED ENTRY--PERSONAL NAME
Personal name Potter, Merle C.
856 40 - ELECTRONIC LOCATION AND ACCESS
Uniform Resource Identifier <a href="http://10.10.170.122:8080/browse/book/27416">http://10.10.170.122:8080/browse/book/27416</a>
Link text Download eBook
942 ## - ADDED ENTRY ELEMENTS (KOHA)
Koha item type Books
Source of classification or shelving scheme Dewey Decimal Classification
Holdings
Withdrawn status Lost status Damaged status Not for loan Collection code Home library Current library Date acquired Cost, normal purchase price Total Checkouts Full call number Barcode Date last seen Koha item type
        Reference Reference Section Reference Section 22/08/2014 2878.50   BOE (Shelf - 29B) 20882 22/08/2014 Books